00683nam a2200205Ia 4500003000400000005001700004008004100021040000700062041000800069082001500077100003700092245005500129260003600184300001800220365001400238906005900252942001200311999001900323952013500342OSt20230401101450.0210423s2009 xx 000 0 und d cAL aeng a658.3 SURR aSURI (R K);CHHABRA (T N).981530 aManaging human resource: techniques and practices. aNew DelhibPentagon Pressc2009 axviii,495bHB b1250cINR ahuman ; Managing ; practices. ; resource: ; techniques 2ddccBK c157814d157814 001040708MCOMaSACPGbSACPGd2010-04-27eKnowledge Worldg1250.00l0o658.3 SURRpPG004291r2022-08-24 00:00:00w2021-04-26yBK